| 000 | 00941cam a22002411a 4500 | ||
|---|---|---|---|
| 001 | ca 29000690 | ||
| 003 | DLC | ||
| 005 | 20260227111122.0 | ||
| 008 | 860918s1929 ilu 000 0 eng | ||
| 010 | _aca 29000690 | ||
| 035 | _a(OCoLC)14234049 | ||
| 040 |
_aDLC _cWHi _dDLC |
||
| 042 | _apremarc | ||
| 050 | 0 | 0 |
_aCS71.S457 _b1929 |
| 100 | 1 |
_aStewart, Charles Leslie, _d1890- |
|
| 245 | 1 | 0 |
_aSelby family notes : _bsome materials for the 1929 reunion of families having members descended from Martha Damarias Selby Brooks and from Josias Wright Brooks / _cedited by Charles L. Stewart. |
| 260 |
_aBement, Ill. : _bDistributed by S.A. Clark, _c1929. |
||
| 300 |
_a[1], 14 l. ; _c28 cm. |
||
| 500 | _aType-written. | ||
| 500 | _a"The body of this publication, the ... Genealogy of the Selbys and historical data, is a legacy of the Hon. Thomas Henry Selby ..." | ||
| 600 | 3 | 0 | _aSelby family. |
| 600 | 1 | 0 |
_aSelby, Thomas Henry, _d1820-1875. |
| 999 |
_c16551 _d16551 |
||